Vrai ou Faux - Counter-strike Esport - Statistiques

Statistiques générales
  • Ce quiz a été pris 27 fois
  • Le résultat moyen est 10 sur 20
Statistiques - réponses
Question Réponse % Correct
dupreeh est le joueur avec le plus grand nombre de victoire de Major Vrai
83%
ZywOo est le seul joueur a avoir un plus grand nombre de MVP que son âge. Vrai
71%
Le premier Major CS de l'histoire a eu lieu a Katowice Faux
67%
NiKo a déjà joué pour NIP Faux
63%
Counter-Strike : Global Offensive est sorti le 21 août 2012 Vrai
63%
Il existe un roster dont les 5 joueurs on fait parti du top 20 HLTV la même année Vrai
63%
il n'y a que 3 organisations différente a avoir gagnés 2 Majors dans la même année dans l'histoire de CS Vrai
63%
Le nom de l'organisation allemande BIG est en réalité un acronyme de Berlin International Gaming Vrai
63%
Tous les MVP de Major on toujours fait parti du top 20 HLTV de la même année Faux
50%
l'Ukraine a gagné moins de Major que le Kazakhstan Faux
50%
Astralis n'as jamais gagné d'IEM Cologne. Vrai
50%
Il n'y a jamais eu de danois chez NaVi Vrai
46%
A cause du Covid-19 et de la pandémie, 2021 est la seule année où n'as eu lieu qu'un seul Major Faux
42%
Le français Kioshima et le finnois allu on déjà gagné un trophée dans la même équipe Vrai
42%
Le streamer français MoMaN a déjà gagné un Major CS. Vrai
42%
Xizt a gagné un trophée avec FaZe Vrai
42%
NaVi est l'équipe avec le plus de participation au major, n'en ayant raté qu'un seul en 2016 Faux
25%
NiKo a été en finale de Major une fois et l'a perdu Faux
25%
Kyojin est plus vieux que ZywOo Vrai
25%
Karrigan est le joueur a avoir perdu le plus de finales de Major Faux
8%
Aucun quiz correspondant
Distribution des résultats
% des personnes avec chaque résultat
Percentile par nombre de réponses
Votre historique - résultats
Vous n’avez pas pris ce quiz